Assessing the effects of Tugueagarao City sanitary landfill within 200m radius using rapid impact assessment matrix [manuscript] / Gladiola S. Angel, Abigail T. Marcos, Miela Q. Pagulayan. (Record no. 21381)

000 -LEADER
fixed length control field 02415nam a22001577a 4500
082 ## - DEWEY DECIMAL CLASSIFICATION NUMBER
Classification number Civil 0172
Item number 2025 c.1
100 ## - MAIN ENTRY--AUTHOR NAME
Personal name Gladiola, Angel S., author.
245 ## - TITLE STATEMENT
Title Assessing the effects of Tugueagarao City sanitary landfill within 200m radius using rapid impact assessment matrix [manuscript] / Gladiola S. Angel, Abigail T. Marcos, Miela Q. Pagulayan.
260 ## - PUBLICATION, DISTRIBUTION, ETC. (IMPRINT)
Year of publication ©2025.
300 ## - PHYSICAL DESCRIPTION
Number of Pages xi, 74 pages ;
Other physical details 29 cm.
500 ## - GENERAL NOTE
General note Thesis (B.S.) -- Cagayan State University, 2025.
520 ## - SUMMARY, ETC.
Summary, etc Landfilling is one of the most common solid waste management techniques being used in managing waste production and disposal. With the growing volume of waste production, landfilling practices are being challenged with various concerns that pose potential harm to its surrounding community, particularly the workers and residents around the landfill. This study aims to assess different factors that may affect the landfill's surrounding community, particularly on its physical/chemical, biological/ecological, and economic/operational aspects. In this study, the researchers identified several factors under the above-mentioned aspects and employed the use of Rapid Impact Assessment Matrix (RIAM) to assess the severity of each factor's effect towards the surrounding community. The findings in the study reveals that the landfill workers suffer considerable negative consequences from noise and odor, whereas residents living within a 200-meter radius reported negligible effects related to physical/chemical parameters like dust, noise, odor, and water quality. From a sociological perspective, workers experienced moderate benefits concerning public health which means that they felt strong appreciation in terms of job opportunities. Residents had a bit of concern about health and in the sociological aspect, there was the broader understanding among the residents that the landfill was not harmful and seen as a resource for income, regarding health there was much less concern. Economically, workers perceived favorable effects on recycling and safety, although with differing perceptions of safety. There were perceived minimal effects on land value and traffic by residents, with some even seeing an increase in land value near to the site.

Keywords: sanitary landfill, solid waste management, rapid impact assessment matrix
700 ## - ADDED ENTRY--PERSONAL NAME
Personal name Marcos, Abigail T.
700 ## - ADDED ENTRY--PERSONAL NAME
Personal name Pagulayan, Miela Q.
942 ## - ADDED ENTRY ELEMENTS (KOHA)
Koha item type Academic Research
Holdings
Source of acquisition Permanent Location Date acquired Koha item type Collection code Accession Number Lost status Shelving location Withdrawn status Current Location Full call number
SchoolCagayan State University - Carig Library2025-10-07Academic ResearchAcademic ResearchCIVIL0172 Academic Research Section Cagayan State University - Carig LibraryCivil 0172 2025 c.1

Cagayan State University University Library, Carig Campus
Tuguegarao City, Cagayan 3500 | www.csucarig.edu.ph

Powered by Koha